Input-output analysis : foundations and extensions

Αποθηκεύτηκε σε:
Λεπτομέρειες βιβλιογραφικής εγγραφής
Κύριος συγγραφέας: Miller, Ronald E.
Άλλοι συγγραφείς: Blair, Peter D.
Μορφή: Βιβλίο
Γλώσσα:English
Δημοσίευση: Englewood Cliffs : Prentice-Hall, c1985
Θέματα:
Ετικέτες: Προσθήκη ετικέτας
Δεν υπάρχουν, Καταχωρήστε ετικέτα πρώτοι!

MARC

LEADER 00000pam a2200000 i 4500
001 1/86901
008 970409s1985 eng d
020 |a 0-13-466715-8 
035 |l 10006597 
040 |a GR-MY-UA  |b gre  |e aacr 
041 0 |a eng 
082 0 |a 339.23 
100 1 |a Miller, Ronald E. 
245 1 0 |a Input-output analysis :  |b foundations and extensions /  |c Ronald E. Miller; Peter D. Blair 
260 |a Englewood Cliffs :   |b Prentice-Hall,   |c c1985 
300 |a xii, 464 p.;  |c 24 cm 
504 |a Includes bibliographical references and index 
650 0 0 |a Input-output analysis. 
700 1 |a Blair, Peter D. 
852 |a INST  |b LESVOS  |e 19970409  |h 339.23 MIL  |p 005100003810  |q 005100003810  |t BK  |y 0 
909 |a Λ  |b 009635